Flaggor: EU - Statistics

General Stats
  • This quiz has been taken 442 times
  • The average score is 24 of 27
Answer Stats
Picture Answer % Correct
Finland
98%
Sverige
98%
Tyskland
98%
Danmark
97%
Italien
97%
Frankrike
96%
Grekland
96%
Spanien
96%
Belgien
94%
Irland
94%
Estland
93%
Polen
92%
Portugal
92%
Nederländerna
91%
Lettland
88%
Kroatien
87%
Österrike
85%
Cypern
84%
Litauen
84%
Slovakien
84%
Slovenien
83%
Rumänien
82%
Tjeckien
82%
Malta
79%
Luxemburg
78%
Bulgarien
77%
Ungern
72%
No matching quizzes found
Score Distribution
Percent of People with Each Score
Percentile by Number Answered
Your Score History
You have not taken this quiz